书目信息 |
| 题名: |
西双版纳傣族传统灌溉制度的现代变迁
|
|
| 作者: | 秦莹 , 李伯川 编著 | |
| 分册: | ||
| 出版信息: | 北京 中国科学技术出版社 2014 |
|
| 页数: | 180页 | |
| 开本: | 26cm | |
| 丛书名: | ||
| 单 册: | ||
| 中图分类: | S274.1 | |
| 科图分类: | ||
| 主题词: | 傣族--灌溉制度--研究--西双版纳 , 傣族 , 灌溉制度 | |
| 电子资源: | ||
| ISBN: | 978-7-5046-6599-7 | |
| 000 | 00987nam0 2200277 450 | |
| 001 | 012015000199 | |
| 005 | 20151130093648.90 | |
| 010 | @a978-7-5046-6599-7@dCNY56.00 | |
| 100 | @a20140905d2014 em y0chiy50 ea | |
| 101 | 0 | @achi |
| 102 | @aCN@b110000 | |
| 105 | @aa z 001yy | |
| 106 | @ar | |
| 200 | 1 | @a西双版纳傣族传统灌溉制度的现代变迁@Axi shuang ban na dai zu chuan tong guan gai zhi du de xian dai bian qian@f秦莹,李伯川编著 |
| 210 | @a北京@c中国科学技术出版社@d2014 | |
| 215 | @a180页@c图@d26cm | |
| 300 | @a中国科协三峡科技出版资助计划 | |
| 330 | @a本书共四章,内容包括:傣族稻作文化与传统灌溉制度、“板闷制”的运行及其价值、从“板闷制”到“库渠制”、傣族传统灌溉制度的保护与开发。 | |
| 606 | 0 | @a傣族@x灌溉制度@x研究@y西双版纳 |
| 606 | 0 | @a傣族 |
| 606 | 0 | @a灌溉制度 |
| 690 | @aS274.1@v5 | |
| 701 | 0 | @a秦莹@Aqin ying@c(女,@f1968~)@4编著 |
| 701 | 0 | @a李伯川@Ali bo chuan@f(1962~)@4编著 |
| 801 | 0 | @aCN@b碧洲教育@c20151127 |
| 905 | @a10447@f4@dS274.1@e50 | |
| 西双版纳傣族传统灌溉制度的现代变迁/秦莹,李伯川编著.-北京:中国科学技术出版社,2014 |
| 180页:图;26cm |
| 中国科协三峡科技出版资助计划 |
| ISBN 978-7-5046-6599-7:CNY56.00 |
| 本书共四章,内容包括:傣族稻作文化与传统灌溉制度、“板闷制”的运行及其价值、从“板闷制”到“库渠制”、傣族传统灌溉制度的保护与开发。 |
| ● |
| 相关链接 |
|
|
|
|
正题名:西双版纳傣族传统灌溉制度的现代变迁
索取号:S274.1/50
 
预约/预借
| 序号 | 登录号 | 条形码 | 馆藏地/架位号 | 状态 | 备注 |
| 1 | 0871552 | 208715522 | 第二样本阅览室/ [索取号:S274.1/50] | 在馆 | |
| 2 | 0871553 | 208715531 | 第三借阅区/ [索取号:S274.1/50] | 在馆 | |
| 3 | 0871554 | 208715540 | 第三借阅区/ [索取号:S274.1/50] | 在馆 | |
| 4 | 0871555 | 208715559 | 第三借阅区/ [索取号:S274.1/50] | 在馆 |